| 000 | 00525nam a2200181Ia 4500 | ||
|---|---|---|---|
| 008 | 151018s9999 xx 000 0 und d | ||
| 082 |
_bRBASDV33989 _a740 |
||
| 100 | _aवृंदा दाभोळकर | ||
| 245 | _aकोलाज | ||
| 250 | _b1 | ||
| 260 |
_bसविता प्रकाशन _c1998 |
||
| 300 | _a195 | ||
| 600 | _aवृंदा दाभोळकर | ||
| 630 | _aकोलाज | ||
| 700 | _aवृंदा दाभोळकर | ||
| 730 | _aकोलाज | ||
| 942 | _cBOOK | ||
| 999 |
_c1033485 _d1033482 |
||